=LDR 00000nam 2200000 4500 =001 INLIS000000000032720 =005 20200211091118 =035 ##$$a 0010-061300000032720 =008 200211################g##########0#ind## =041 ##$$a ind =082 ##$$a 150 =090 ##$$a 150, Fac t =100 ##$$a Fachri, Hisyam A =245 1#$$a The real art of tarot : $b Membaca pikiran melalui seni wacana tarot /$c Hisyam A.Fachri ; Editor, Resata Wahyu Febirarti =260 ##$$a Jakarta :$b Gagas Media,$c 2009 =300 ##$$a xi, 229 hlm : $b ilus ; $c 20 x14 cm. =650 #4$$a Psikologi Umum =850 ##$$a NBPNMAT =020 ##$$a 979-780-356-2 =084 ##$$a 150 Fac t =710 #$$a Febriarti, Resida Wahyu =250 ##$$a Cet. 2 =990 ##$$a 01201710422 =990 ##$$a 21002066 =990 ##$$a 21002066 =990 ##$$a 01201710422 =990 ##$$a 21002065 =990 ##$$a 21002066